Albums sortis dans les années 2020 - Statistiques

Statistiques générales
  • Ce quiz a été pris 114 fois
  • Le résultat moyen est 45 sur 91
Statistiques - réponses
Par images Hint Réponse % Correct
La machine Jul
95%
Nonante-cinq Angèle
91%
Civilisation Orelsan
90%
Renaissance Beyoncé
89%
30 Adele
87%
Happier Than Ever Billie Eilish
86%
Les autres c'est nous Bigflo et Oli
85%
Multitude Stromae
85%
After Hours The Weeknd
85%
16 Wejdene
84%
Harry's House Harry Styles
82%
JVLIVS II SCH
80%
Midnights Taylor Swift
80%
Charlotte Vitaa
79%
DNK Aya Nakamura
76%
M.I.L.S 3 Ninho
76%
Ultra Booba
71%
= Ed Sheeran
68%
Gloria Sam Smith
68%
Poison ou Antidote Dadju
67%
Montero Lil Nas X
67%
Enna PLK
66%
Survie Zola
66%
Blue Banisters Lana Del Rey
65%
Mauvais Ordre Lomepal
65%
QALF Damso
64%
Certified Lover Boy Drake
64%
La vie est belle Gambi
64%
Drill FR Gazo
63%
Chroniques d'un cupidon Slimane
63%
Utopia Travis Scott
62%
Le monde est méchant Niska
61%
Special Lizzo
60%
Sincèrement Hamza
59%
Justice Justin Bieber
59%
Guts Olivia Rodrigo
59%
Pink Friday 2 Nicki Minaj
56%
Mélo Tiakola
56%
Endless Summer Vacation Miley Cyrus
55%
Mr. Morale & the Big Steppers Kendrick Lamar
54%
Détail Koba LaD
52%
Chromatica Lady Gaga
51%
Sans visa Soolking
51%
SOS SZA
51%
Planet Her Doja Cat
49%
Heaven and Hell Ava Max
48%
23 Central Cee
48%
Saison 00 Luidji
48%
Nos vies Imen Es
47%
MVP Mister V
47%
Motomami Rosalía
47%
J.000.$ Josman
45%
Radical Optimism Dua Lipa
44%
2.7.0 Kaaris
44%
Trinity Laylow
44%
Les mains faites pour l'or Naps
41%
Adios Bahamas Népal
40%
Pourvu qu'il pleuve Shay
39%
Un verano sin ti Bad Bunny
38%
LMF Freeze Corleone
37%
Music of the Spheres Coldplay
36%
Culture III Migos
36%
V Vald
35%
Donda Kanye West/Ye
34%
American Dream 21 Savage
33%
Come Home the Kids Miss You Jack Harlow
33%
BE BTS
32%
Call Me If You Get Lost Tyler, The Creator
32%
Don Dada Mixtape Vol. 1 Alpha Wann
31%
Teatro d'ira - Vol. I Måneskin
31%
R.I.P.R.O. Volume IV Lacrim
30%
Synkinisi Bosh
29%
Born Pink Blackpink
28%
We Don't Trust You Future/Metro Boomin
28%
Vie d'artiste 4Keus
26%
Capo Dei Capi Vol. II & III Alonzo
26%
Traumazine Megan Thee Stallion
26%
Shoot for the Stars, Aim for the Moon Pop Smoke
26%
The Slow Rush Tame Impala
26%
Pink Tape Lil Uzi Vert
24%
Red Moon in Venus Kali Uchis
23%
Gemini Rights Steve Lacy
23%
Something to Give Each Other Troye Sivan
18%
Mercury – Acts 1 & 2 Imagine Dragons
17%
Falling or Flying Jorja Smith
17%
Mañana Será Bonito Karol G
16%
Kirk DaBaby
14%
Voyage ABBA
11%
Twelve Carat Toothache Post Malone
10%
ROCK-STAR Stray Kids
5%
Rave & Roses Rema
4%
Aucun quiz correspondant
Distribution des résultats
% des personnes avec chaque résultat
Percentile par nombre de réponses
Votre historique - résultats
Vous n’avez pas pris ce quiz